Entry Personal Name
Number of records used in: 1
001 - CONTROL NUMBER
003 - CONTROL NUMBER IDENTIFIER
005 - DATE AND TIME OF LATEST TRANSACTION
- control field:
20230923141024.0
008 - FIXED-LENGTH DATA ELEMENTS
- fixed length control field:
970328n| acannaab| |n aaa |||
010 ## - LIBRARY OF CONGRESS CONTROL NUMBER
- LC control number:
n 97033204
040 ## - CATALOGING SOURCE
- Original cataloging agency:
DLC
- Transcribing agency:
DLC
100 10 - HEADING--PERSONAL NAME
- Personal name:
Lewis, Harold W.
670 ## - SOURCE DATA FOUND
- Source citation:
His The foundations of fuzzy control, c1997:
- Information found:
CIP t.p. (Harold W. Lewis, III, Fukushima Univ., Japan)